Mládež Slovenskej republiky, jej hodnotová orientácia a spôsoby trávenia voľného času

Na minha lista:
Detalhes bibliográficos
Formato: Livro
Idioma:eslovaco
Publicado em: Bratislava Štatistický úrad SR 1994
Assuntos:
Tags: Adicionar Tag
Sem tags, seja o primeiro a adicionar uma tag!

MARC

LEADER 00000nam a2200000 4500
001 c005259
005 20251208094420.7
041 0 |a slo 
044 |a SK 
245 1 0 |a Mládež Slovenskej republiky, jej hodnotová orientácia a spôsoby trávenia voľného času 
264 1 |a Bratislava  |b Štatistický úrad SR  |c 1994 
300 |a 71 s. 
610 2 0 |a Slovensko 
610 2 0 |a mládež 
610 2 0 |a čas voľný 
610 2 0 |a štýl životný 
610 2 0 |a postoje